| 000 | nam a22 a 4500 | ||
|---|---|---|---|
| 999 |
_c255 _d255 |
||
| 003 | AKMAL | ||
| 005 | 20170428090728.0 | ||
| 008 | 170428s2003 my 00 may d | ||
| 020 |
_a983192312X (kkt.): _cRM16.00 |
||
| 082 | 0 | 4 |
_a959.5 KEN _221 |
| 090 | 0 | 0 |
_a959.5 _bKEN |
| 100 | 0 |
_aZulhilmi Paidi _9573 |
|
| 245 | 1 | 0 |
_aKenegaraan Malaysia : _bisu-isu dalam pembinaan negara / _ceditor Zulhilmi Paidi, Rohani Ab. Ghani |
| 260 |
_aPahang : _bPTS Publications & Distributor, _c2003 |
||
| 300 | 0 | 0 |
_a193ms. ; _c23cm. |
| 504 | _aMengandungi rujukan bibliografi | ||
| 651 | 0 |
_aMalaysia _xPolitics and government _944 |
|
| 651 | 0 |
_aMalaysia _xHistory _9434 |
|
| 651 | 0 |
_aMalaysia _xEconomic conditions _963 |
|
| 651 | 0 |
_aMalaysia _xSocial conditions _945 |
|
| 700 | 0 |
_aRohani Ab. Ghani _9574 |
|
| 942 |
_2ddc _cBOOK |
||